Statistics for Territories and Countries of French West Africa

Click here to take the quiz!

General Stats

  • This quiz has been taken 65 times
  • The average score is 9 of 13

Answer Stats

Answer% Correct
Mali
97%
Guinea
91%
Senegal
91%
Niger
90%
Benin
88%
Mauritania
88%
Burkina Faso
83%
Côte d'Ivoire
78%
Ivory Coast
67%
Upper Volta
59%
Dahomey
41%
French Guinea
38%
French Sudan
31%

Score Distribution

Percentile by Number Answered

Percent of People with Each Score

Your Score History

You have not taken this quiz